Central Library OPAC University of Rajshahi

An Introduction to Vectors and Special Functions / (Record no. 12718)

MARC details
000 -LEADER
fixed length control field 00578nam a22002057a 4500
001 - CONTROL NUMBER
control field 12718
003 - CONTROL NUMBER IDENTIFIER
rucl marc code BD-RjUL
005 - DATE AND TIME OF LATEST TRANSACTION
control field 20211208235338.0
008 - FIXED-LENGTH DATA ELEMENTS--GENERAL INFORMATION
fixed length control field 140129s1978 bg ||| |||| 000 0 eng d
035 ## - SYSTEM CONTROL NUMBER
System control number (BD-RjUL)12768
040 ## - CATALOGING SOURCE
Original cataloging agency BD-RjUL
Language of cataloging eng
Transcribing agency BD-RjUL
041 ## - LANGUAGE CODE
Language code of text/sound track or separate title eng
082 04 - DEWEY DECIMAL CLASSIFICATION NUMBER
Edition number 22
Classification number 515.5
Author mark and year FAI 1978
100 ## - MAIN ENTRY--PERSONAL NAME
Personal name Farid, Syed Md.
9 (RLIN) 249550
245 03 - TITLE STATEMENT
Title An Introduction to Vectors and Special Functions /
Statement of responsibility, etc. Syed Md. Farid.
260 ## - PUBLICATION, DISTRIBUTION, ETC. (IMPRINT)
Place of publication, distribution, etc. Dhaka :
Name of publisher, distributor, etc. Ali Publications,
Date of publication, distribution, etc. 1978
300 ## - PHYSICAL DESCRIPTION
Pagination 180,154p. ;
Size 21cm.
650 #0 - SUBJECT ADDED ENTRY--TOPICAL TERM
Topical term or geographic name as entry element Functions, Special.
9 (RLIN) 22142
942 ## - ADDED ENTRY ELEMENTS (KOHA)
Source of classification or shelving scheme Dewey Decimal Classification
Koha item type Books
Holdings
Lost status Source of classification or shelving scheme Damaged status Not for loan Collection code Permanent Location Current Location Shelving location Date acquired Source of acquisition Cost, normal purchase price Total Checkouts Full call number Date last seen Copy number Koha item type
  Dewey Decimal Classification     Non-fiction Central Library, University of Rajshahi Central Library, University of Rajshahi   30/06/1981 Euro-Pak News Agency 35.00   515.5 FAI 1978 29/01/2014 C-4 Books
  Dewey Decimal Classification     Non-fiction Central Library, University of Rajshahi Central Library, University of Rajshahi   04/04/1978 Author 35.00   515.5 FAI 1978 29/08/2016 C-2 Books
  Dewey Decimal Classification     Non-fiction Central Library, University of Rajshahi Central Library, University of Rajshahi   04/04/1978 Author 35.00   515.5 FAI 1978 29/08/2016 C-3 Books
  Dewey Decimal Classification     Non-fiction Central Library, University of Rajshahi Central Library, University of Rajshahi   30/06/1981 Uro book , Rajshahi 35.00   515.5 FAI 1978 30/08/2016 C-5 Books
  Dewey Decimal Classification   Not For Loan Non-fiction Central Library, University of Rajshahi Central Library, University of Rajshahi Reading Room 04/04/1978 Author 35.00   515.5 FAI 1978 02/11/2021 C-1 Books